000 00732nam a22002177a 4500
003 OSt
005 20230830141155.0
008 221006b |||||||| |||| 00| 0 eng d
040 _cBiblioteca Lado V
082 _a779
_bP585e
100 _9996
_aPicado, Eugenia
_eautor
245 _aVida Bajo los Puentes/
260 _bMuseo de Arte y Diseño Contemporáneo
_c1998
_aCosta Rica
300 _c21.5x28cm
_a4p.
366 _espa
650 _2Tesauro de Arte & Arquitectura
_aARTE
_9703
650 _2Tesauro de Arte & Arquitectura
_aFOTOGRAFIA
_9702
650 _2Tesauro de Arte & Arquitectura
_aEXHIBICION
_9702
650 _2Tesauro de Arte & Arquitectura
_aFIGURA HUMANA
942 _2ddc
_c1
_h779
_iP585e
_n0
999 _c4245
_d4245